Die größte Stadt aller Länder Asiens ohne Hauptstädte - Statistiken

Allgemein
  • Dieses Quiz wurde 27 mal gespielt
  • Das Durchschnittsergebnis liegt bei 15 aus 45
Antwortstatistiken
Hint Antwort % Korrekt
Türkei Istanbul
88%
Indien Mumbai
88%
Japan Osaka
88%
Israel Tel Aviv
83%
Vereinigte Arabische Emirate Dubai
79%
Syrien Aleppo
71%
Kasachstan Almaty
71%
Vietnam Ho-Chi-Minh-Stadt
71%
Südkorea Busan
67%
Saudi Arabien Dschidda
67%
Pakistan Karatschi
63%
Sri Lanka Colombo
54%
Indonesien Surabaya
50%
Bangladesch Chittagong
46%
Jemen Aden
42%
Myanmar Rangun
42%
Irak Basra
38%
Afghanistan Kandahar
33%
Zypern Limassol
33%
Georgien Batumi
29%
Iran Maschhad
29%
Philippinen Cebu
25%
Usbekistan Samarkand
21%
Thailand Chiang Mai
17%
Kirgisistan Osch
17%
Aserbaidschan Ganja
13%
Armenien Gjumri
13%
Nordkorea Hamhung
13%
Nepal Pokhara
13%
Turkmenistan Türkmenabat
13%
Jordanien Zarqa
13%
Kambodscha Battambang
8%
Mongolei Erdenet
8%
Laos Pakse
8%
Bhutan Phuentsholing
8%
Bahrain Riffa
8%
Kuwait Al-Farwānīyah
4%
Katar Ar Rayyān
4%
China Chongking
4%
Tadschikistan Chudschand
4%
Osttimor Gunung Dilarini
4%
Malediven Hithadhoo
4%
Brunei Kuala Belait
4%
Oman Salalah
4%
Malaysia Subang Jaya
4%
Keine übereinstimmenden Quizze gefunden
Verteilung der Resultate
Anzahl Personen mit jedem Resultat
Perzentil nach korrekt beantworteten Fragen
Ihre Resultats-Entwicklung
Sie haben dieses Quiz noch nicht gespielt